FUNDAMENTAL OF DATABASE SYSTEM (Record no. 21111)

MARC details
000 -LEADER
fixed length control field 00351nam a22001577a 4500
003 - CONTROL NUMBER IDENTIFIER
control field SGT
020 ## - INTERNATIONAL STANDARD BOOK NUMBER
International Standard Book Number 9789332582705
082 ## - DEWEY DECIMAL CLASSIFICATION NUMBER
Classification number 005.74,ELM
100 ## - MAIN ENTRY--PERSONAL NAME
Personal name ELMASRI,RAMEZ
245 ## - TITLE STATEMENT
Title FUNDAMENTAL OF DATABASE SYSTEM
250 ## - EDITION STATEMENT
Edition statement 7TH
260 ## - PUBLICATION, DISTRIBUTION, ETC. (IMPRINT)
Place of publication, distribution, etc NEW DELHI
Name of publisher, distributor, etc PEARSON
Year of Publication 2020
300 ## - PAGE DESCRIPTION
No. of Pages 1242
650 ## - SUBJECT ADDED ENTRY--TOPICAL TERM
Topical term or geographic name as entry element COMPUTER SCIENCE
942 ## - ADDED ENTRY ELEMENTS (KOHA)
Source of classification or shelving scheme Dewey Decimal Classification
Koha item type Books
942 ## - ADDED ENTRY ELEMENTS (KOHA)
-- 3
Holdings
Withdrawn status Lost status Source of classification or shelving scheme Damaged status Not for loan Collection code Home library Current library Shelving location Date acquired Vendor Name Cost, normal purchase price SGTU Bill Number Total Checkouts Full call number Accession No. (Barcode) Date last seen Bill Date Koha item type Date last borrowed
    Dewey Decimal Classification     ENGINEERING SGT Engineering Library SGT Engineering Library Text Book 28/04/2021 KIRTI PRAKASHAN 919.00 SGTU IN1949   005.74,ELM FE8156 28/04/2021 27/03/2021 Books  
    Dewey Decimal Classification     ENGINEERING SGT Engineering Library SGT Engineering Library Text Book 28/04/2021 KIRTI PRAKASHAN 919.00 SGTU IN1949 4 005.74,ELM FE8157 30/01/2026 27/03/2021 Books 01/01/2026